000 00603cam a2200145 4500500
005 20260208002337.0
041 _afre
042 _adc
100 1 0 _aReichler, Claude
_eauthor
245 0 0 _aFrançois-Xavier Fauvelle-Aymar, L’Invention du Hottentot. Histoire du regard occidental sur les Khoisan (xve-xixe siècle), Paris, Publications de la Sorbonne, 2002, 415 p., bibl., index, ill.
260 _c2005.
500 _a53
786 0 _nL'Homme | 173 | 1 | 2005-01-01 | p. 199s-283s | 0439-4216
856 4 1 _uhttps://shs.cairn.info/revue-l-homme-2005-1-page-199s?lang=fr&redirect-ssocas=7080
999 _c1645931
_d1645931